Heterogeneidad y poder en las políticas públicas regionales (Registro nro. 34656)

Detalles MARC
000 -LEADER
fixed length control field 00411 a2200121 4500
001 - CONTROL NUMBER
control field ART_45086
005 - DATE AND TIME OF LATEST TRANSACTION
control field 20260410162038.0
008 - FIXED-LENGTH DATA ELEMENTS--GENERAL INFORMATION
fixed length control field 260409a
100 1# - MAIN ENTRY--PERSONAL NAME
Personal name García, Liliana
245 10 - TITLE STATEMENT
Title Heterogeneidad y poder en las políticas públicas regionales
700 1# - ADDED ENTRY--PERSONAL NAME
Personal name Lampreabe, Florencia
773 0# - HOST ITEM ENTRY
Title Revista de estudios regionales y mercado de trabajo
Related parts - Nº 5 (ene./dic. 2009)
Record control number REV44894

No hay ítems disponibles.